000 00428nam a2200169 i 4500
001 135644
003 ES-MaACL
005 20230906194925.0
007 t|
008 070720s1969 sp ||||1| spa d
080 _a86-321.9"19"
100 1 _aTorres, Raúl.
_9110916
245 1 3 _aEl retroceso /
_cRaúl Torres.
260 _aMadrid :
_bAzur,
_c[1969]
300 _a80 p. ;
_c20 cm.
852 _aES-MaACL
_jC-50482
_bR.69683
999 _c135644
_d135644